Il Trattamento Medico del Paziente Chirurgico (Record no. 2119)

000 -LEADER
fixed length control field 00782nam a22002417a 4500
003 - CONTROL NUMBER IDENTIFIER
control field OSt
005 - DATE AND TIME OF LATEST TRANSACTION
control field 20210414104511.0
008 - FIXED-LENGTH DATA ELEMENTS--GENERAL INFORMATION
fixed length control field 210311s1987 ||||| |||| 00| 0 ita d
020 ## - INTERNATIONAL STANDARD BOOK NUMBER
International Standard Book Number 8829904600
040 ## - CATALOGING SOURCE
Original cataloging agency eng
Language of cataloging eng
Transcribing agency DLC
041 ## - LANGUAGE CODE
Language code of text/sound track or separate title ita
Language code of original eng
080 ## - UNIVERSAL DECIMAL CLASSIFICATION NUMBER
Universal Decimal Classification number 617
Item number L-96
100 ## - MAIN ENTRY--PERSONAL NAME
9 (RLIN) 232
Personal name Lubin,F.Michael
245 ## - TITLE STATEMENT
Title Il Trattamento Medico del Paziente Chirurgico
Remainder of title : Medical Treatment of Surgical Patient
Statement of responsibility, etc. / by: Piccin Nuova Libraria / Piccin New Library
260 ## - PUBLICATION, DISTRIBUTION, ETC.
Place of publication, distribution, etc. Padova, Italy
Name of publisher, distributor, etc. Piccin Nuova Libraria / Piccin New Library
Date of publication, distribution, etc. 1987
300 ## - PHYSICAL DESCRIPTION
Extent 1026 p.
650 #0 - SUBJECT ADDED ENTRY--TOPICAL TERM
9 (RLIN) 103
Topical term or geographic name entry element Surgery
653 ## - INDEX TERM--UNCONTROLLED
Uncontrolled term ქირურგია
700 ## - ADDED ENTRY--PERSONAL NAME
9 (RLIN) 376
Personal name Walker,H.Kenneth
700 ## - ADDED ENTRY--PERSONAL NAME
9 (RLIN) 1348
Personal name Smith, B. Robert III
700 ## - ADDED ENTRY--PERSONAL NAME
9 (RLIN) 1349
Personal name Galletta, Osvaldo
Relator term Translator
942 ## - ADDED ENTRY ELEMENTS (KOHA)
Source of classification or shelving scheme
Koha item type Books
Holdings
Withdrawn status Lost status Source of classification or shelving scheme Damaged status Not for loan Permanent location Current location Date acquired Inventory number Total Checkouts Full call number Barcode Date last seen Price effective from Koha item type
          Ken Walker International University Ken Walker International University 03/11/2021 646   617 L-96 646 03/11/2021 03/11/2021 Books

Powered by Koha